000 00616nam a2200217Ia 4500
005 20250923145148.0
008 008 250917s9999 xx 000 0 eng d
037 _aTextual
040 _aDSWL
_beng
_cDSWL
041 _aeng
_2eng
084 _aY744:1'A, N68
_qDSWL
100 _aAllchin, Bridget
_9832411
245 0 _aBirth of Indian Civilization
_cby Bridget Allchin
260 _aEngland
_bPenguin Books
_c1968
300 _a271p.
365 _aINR
_b22 .6
700 _aRaymond Allchin
_9832412
925 _g22 .6
942 _cTEXL
_hY744:1'A, N68
999 _c1447907
_d1447907